[Event "European Chess Club Cup 2022"]
[Site "Mayrhofen"]
[Date "2022.10.04"]
[Round "2"]
[White "Carlsen, Magnus"]
[Black "Naumann, Alexander"]
[Result "1-0"]
[WhiteElo "2856"]
[BlackElo "2513"]
[EventDate "2022.??.??"]
[Annotator "rafael"]
[PlyCount "59"]
[Beauty "8251705923594"]
[EventType "team-tourn"]
[TimeControl "5400+30"]

1.e4 e5 2.Nf3 Nc6 3.d4 exd4 4.Nxd4 Nf6 5.Nxc6 bxc6 6.e5 Qe7 7.Qe2 Nd5 8.Nd2 $5 {This isn't the most popular move, but it was played a few days ago by Erigaisi in a rapid online game, which certainly hasn't escaped Carlsen's team's attention.} 8...Nf4 $5 ( 8...g6 {This is the main move. The aforementioned game followed} 9.c4 Nf4 10.Qe3 Ne6 11.b3 Bg7 12.Bb2 O-O 13.Ne4 {and Erigaisi later won this complicated position against Le Quang Liem.} ) 9.Qe3 ( 9.Qe4 {is an important alternative. This prevents Black's next move, but the queen can become a target on e4.} 9...Ng6 10.f4 ( 10.Nf3 $6 d5 $1 {gives Black good counterplay.} ( 10...f6 $6 {Surprisingly, this is a mistake. White gets a lot of compensation after} 11.Bd2 $1 fxe5 12.O-O-O ) ) 10...d5 11.Qa4 Qc5 12.Nf3 {with chances for both sides.} ) 9...Nd5 ( 9...Ng6 $6 {is weaker with the queen on e3.} 10.Nf3 ) 10.Qe4 f6 ( 10...Nb4 $5 {is a serious alternative. Black got the upper hand after} 11.Nf3 $6 d5 $1 12.Qe2 Bf5 13.Nd4 Nd3+ $1 {in De la Riva Aguado - Linster, Monte Carlo 2013.} ) 11.c4 $146 {A new move, played after a long think. This indicates that Carlsen was out of his preparation. His move is an interesting pawn sacrifice.} ( 11.exf6 Nxf6 12.Qxe7+ Bxe7 13.Bd3 O-O 14.O-O d5 {and the position is equal. Fier-Gupta, Cappelle la Grande 2014.} ) 11...Nb4 12.Kd1 ( 12.a3 $2 {There is no time to drive the knight away.} 12...d5 $1 {and Black wins.} 13.exd6 Qxe4+ 14.Nxe4 Nc2+ ) 12...Qxe5 13.a3 Qxe4 14.Nxe4 Na6 15.b4 {Carlsen's idea is very interesting. In exchange for the pawn, he left the a6-knight out of play. If White manages to complete his development with Bd3, Bb2, and Re1, his initiative can make a big difference.} 15...c5 $6 {An inaccuracy because now Black loses the chance to play d7-d5, an important move to give his pieces a little more life. Of course, this is easy to say with the computer on, but the position is very difficult to play for a human.} ( 15...Nb8 $1 16.Bd3 d5 $1 17.Nc3 dxc4 18.Re1+ Kd8 19.Bxc4 Nd7 {This is the best option for Black, even with doubled pawns and the king on d8. Most important is that the knight is alive, something that will not happen in the game. The position is balanced.} ) 16.b5 Bb7 17.Bd3 Nb8 18.Re1 Kf7 19.Nc3 $1 {A deep move, which I really liked. The idea is to prevent Black's development with d6-Nd7. Karpov, the king of prophylaxis, would be proud.} 19...Bd6 ( 19...d6 {doesn't work now because of} 20.Bf5 $1 {and the bishop destroys Black's position.} ) ( 19...Bxg2 20.Bf4 {is much better for White.} ) 20.f4 $1 {Avoiding Be5, even at the cost of another pawn.} 20...Bxg2 {At least now Black has two pawns in exchange for his suffering.} 21.Kc2 g6 $6 {This move weakens the kingside and is the decisive mistake. It would be better to go back with the bishop immediately, but the position is still very difficult to play. After all, how will the b8-knight enter the game $2} ( 21...Bb7 ) 22.Bb2 $1 Bxf4 $6 ( 22...f5 {This is my computer's favorite move, I imagine to avoid White's f4-f5 move. But how can someone open the diagonal after the opponent places a bishop on b2 $2} ) ( 22...Re8 23.Rxe8 Kxe8 24.f5 $1 {and White destroys the pawn structure on the kingside.} ) 23.Re2 $1 {An elegant move. White gets ready to bring the a1-rook into the game.} 23...Bb7 24.Rf1 {The success of Carlsen's strategy. All his pieces are in the game, while Black's queenside is sleeping.} 24...g5 25.h4 $1 d6 26.hxg5 Be5 ( 26...Bxg5 {There are several winning moves here.} 27.Rfe1 ( 27.Be4 ) ( 27.Ne4 ) ) 27.Ne4 Nd7 28.Nxf6 {It's time to reap the rewards.} 28...Nxf6 29.Bxe5 dxe5 30.Rxe5 {The c5-pawn is about to fall, and the position collapses. An excellent game.} ( 30.Rxe5 Rae8 31.Rxc5 ) 1-0

[Event "European Chess Club Cup 2022"]
[Site "Mayrhofen"]
[Date "2022.10.06"]
[Round "4"]
[White "Carlsen, Magnus"]
[Black "Harikrishna, Pentala"]
[Result "1-0"]
[WhiteElo "2856"]
[BlackElo "2717"]
[EventDate "2022.??.??"]
[Annotator "rafael"]
[PlyCount "85"]
[Beauty "7490980828680"]
[EventType "team-tourn"]
[TimeControl "5400+30"]

1.c4 e5 2.g3 c6 {A variation of the English Opening that is being discussed a lot these days.} 3.d4 {This move is usually Carlsen's choice, while Ding prefers 3.Nf3. As it turns out, some opening choices are a matter of taste.} ( 3.Nf3 {Ding lost a painful game in the first round of the Candidates Tournament with his favorite move.} 3...e4 4.Nd4 d5 5.cxd5 Qxd5 6.Nc2 Nf6 7.Nc3 Qe5 {Ding-Nepomniachtchi, Madrid 2022.} ) 3...Bb4+ ( 3...e4 {is the main move.} ) 4.Bd2 Bxd2+ 5.Qxd2 d6 6.Nc3 Nf6 7.e4 {Interestingly, only one game had been played with this move. It's not surprising that almost everyone prefers to develop the bishop on g2—what could be more natural than that $2 But Carlsen doesn't play like us mere mortals.} ( 7.Bg2 ) 7...O-O 8.Nge2 ( 8.Bg2 {Now the game gains an original character. 8.Bg2 still transposes to the known lines.} ) 8...b5 $1 {An excellent reaction. Harikrishna takes advantage of the fact that the e4-pawn needs protection.} 9.cxb5 cxb5 10.a3 {Played after a long deliberation. The alternatives don't promise an advantage.} ( 10.dxe5 dxe5 11.Qxd8 Rxd8 12.Nxb5 Nc6 {and Black has excellent compensation for the sacrificed pawn.} ) ( 10.Bg2 b4 11.Nd5 Nxd5 12.exd5 exd4 13.O-O d3 $1 14.Qxd3 ( 14.Nd4 Qb6 ) 14...Ba6 15.Qd2 Bxe2 16.Qxe2 Nd7 {and the knight arrives on c5. Black has a great position.} ) 10...a5 ( 10...Nc6 {is a good alternative.} 11.Bg2 Qb6 {with a balanced position.} ) 11.Bg2 Bb7 $6 ( 11...Nc6 {is more accurate.} 12.d5 Na7 13.O-O Bd7 14.b4 Nc8 $1 {Followed by Nb6, with a good position.} ) 12.O-O b4 {Black's plan to advance the b-pawn quickly creates some weaknesses.} 13.axb4 axb4 14.Nd5 Nxd5 {It is difficult to say which piece should be used to capture the d5-knight. I would have played the same move Harikrishna played, but the computer prefers to take it with the bishop.} ( 14...Bxd5 15.exd5 Rxa1 16.Rxa1 Qb6 {with a slight advantage for White.} ) 15.exd5 Qb6 16.Rxa8 Bxa8 17.dxe5 dxe5 {It's time to evaluate the position. White has a strong passed pawn on d5, but it can also become a target. It's not clear that there is an advantage until we look at the wonderful move that is played now.} 18.g4 $3 {Maybe it's an exaggeration to assign two exclamation marks, but I love this kind of move. The idea is to bring the knight into the game. Chess players don't like to advance pawns in front of the king, but sometimes it's necessary.} 18...Nd7 19.Ng3 g6 {This move is necessary to give the king some air and prevent the white knight from jumping.} 20.Rc1 ( 20.Rd1 $1 {is more accurate, as becomes clear if we continue the analysis in a similar way to what happened in the game.} 20...Rd8 21.Ne4 Nf6 $6 22.Nxf6+ Qxf6 23.Qxb4 {and here White has a decisive advantage because the d5-pawn is protected.} ) 20...Rd8 21.Ne4 Nf6 $5 ( 21...Qd4 $6 {Another advantage of the rook on d1 is to prevent this move.} 22.Qxd4 exd4 23.Rd1 Bxd5 24.Rxd4 Bxe4 25.Bxe4 Re8 26.Rxb4 {and White should win this endgame.} ) ( 21...Kg7 $5 {is also a good try.} ) 22.Nxf6+ Qxf6 23.Rc5 ( 23.Qxb4 $6 {Black's idea is that this move is now a mistake.} 23...Bxd5 ( 23...e4 $5 {is probably even better.} ) 24.Bxd5 Rxd5 {with a probable draw.} ) 23...Qb6 ( 23...Qd6 $1 {is an excellent try.} 24.Qe3 ( 24.Qxb4 e4 $1 {Of course, this is a computer idea, nearly impossible to find. Black now has enough counterplay.} 25.Rb5 ( 25.Bxe4 Qf4 $1 {is Black's idea.} ) 25...Bxd5 {and Black should escape.} ) 24...f5 25.gxf5 gxf5 26.Ra5 Rc8 {with good drawing chances.} ) 24.Qe3 ( 24.Qc1 {is also possible.} ) 24...Qa7 25.Qc1 Bb7 26.h4 $1 {Another excellent move, creating problems for Black on the kingside.} 26...Qb6 27.h5 h6 {A sad but necessary move—otherwise, White puts the pawn on h6 and creates mating threats.} 28.Qe3 ( 28.hxg6 {looks very promising.} 28...Qxg6 ( 28...fxg6 29.Qc4 {and the black king is in trouble.} ) 29.Rb5 $1 {threatening 30.Rxb4 and 30.Qc7.} ) 28...gxh5 $2 {This move loses thanks to a nice tactical theme.} ( 28...Rd6 $1 {is the best chance.} ) 29.Rc8 $1 {Now White wins material.} 29...Qd6 ( 29...Qxe3 30.Rxd8+ ) 30.Rxd8+ Qxd8 31.Qxh6 $1 Bxd5 ( 31...hxg4 32.Be4 Bxd5 33.Qh7+ Kf8 34.Qh8+ Ke7 35.Qxd8+ Kxd8 36.Bxd5 {wins the bishop.} ) 32.Qd2 $1 {White's queen has played a tremendous role and will finally reap the reward.} 32...hxg4 33.Qxd5 Qxd5 34.Bxd5 {The endgame is easily winning.} 34...Kg7 35.Kg2 f5 36.Kg3 Kf6 37.Kh4 e4 38.Bc6 Ke5 39.Kg3 Kd4 40.Kf4 Kd3 41.Kxf5 e3 42.fxe3 Kxe3 43.b3 $1 {The only winning move. Another great game in Carlsen's trademark style.} ( 43.Kxg4 $4 b3 $1 {and the game would finish in a draw as the b-pawn cannot be protected.} ) ( 43.b3 $1 g3 44.Kg4 Kf2 45.Kh3 $18 ) 1-0

[Event "E Women's Candidates Tournament 2022"]
[Site "Monaco"]
[Date "2022.10.30"]
[Round "7"]
[White "Muzychuk, Anna"]
[Black "Koneru, Humpy"]
[Result "1/2-1/2"]
[WhiteElo "2534"]
[BlackElo "2574"]
[EventDate "2022.??.??"]
[Annotator "rafael"]
[PlyCount "66"]
[Beauty "6533740031554"]
[EventType "team-tourn"]
[EventCountry "FID"]
[TimeControl "5400+30"]

1.e4 e5 2.Nf3 Nf6 {Here we have the good old Petroff again. Is this defense taking the Berlin's place as Black's bulletproof option against 1. e4 $2} 3.d4 Nxe4 4.dxe5 d5 5.Nbd2 Nxd2 ( 5...Qd7 {was played by Nepomniachtchi in the last round of the Candidates Tournament against Duda.} ) ( 5...Nc5 {is also a popular move.} ) 6.Bxd2 Be7 7.Bd3 c5 8.c3 Bg4 ( 8...Nc6 {is more common.} ) 9.h3 Bh5 10.Bf5 $5 {Muzychuk had put her bishop on f5 also in the first game and now tries it six moves earlier. It's a new and interesting idea. In combination with g2-g4, the bishop on f5 creates discomfort for Black. I remember analyzing a similar idea in the Open Ruy Lopez.} ( 10.Qe2 {was played in Dichev-Stoyanov, Primorsko 2016.} ) ( {The first game of the tiebreak went} 10.O-O Nc6 11.Re1 Qd7 12.Bf4 a6 13.a4 Nd8 14.g4 Ne6 15.Bg3 Bg6 16.Bf5 Qc6 17.a5 h5 {with a draw after 32 moves.} ) 10...Nc6 11.g4 $1 Bg6 12.Qe2 {This is the idea. White plans to castle queenside and then play h4-h5. Black needs to be fast.} 12...Qb6 $6 {Too slow.} ( 12...O-O $1 {is better, with the idea of playing Re8 quickly and exploiting the pin on the e-pawn.} ) 13.O-O-O Bxf5 {A sad necessity.} ( 13...O-O 14.h4 $1 {White's attack is very strong.} ) 14.gxf5 O-O-O 15.Rhg1 Rhe8 $6 {A move that looks interesting, sacrificing a pawn, but White gets the advantage. I must remember that this was a rapid game, so this move was a good practical chance.} ( 15...Rhg8 16.Bf4 {With a clear advantage.} ( 16.Ng5 {is tempting, but not so strong since Black has drawing chances in the endgame after} 16...Nxe5 $1 17.Qxe5 Bxg5 18.Bxg5 f6 19.Qe6+ Qxe6 20.fxe6 fxg5 21.Rxg5 Rge8 22.Rgxd5 Rxd5 23.Rxd5 Rxe6 24.Rxc5+ Kd7 ) ) 16.Rxg7 Bf6 17.Rxf7 Bxe5 ( 17...Nxe5 18.Nxe5 Rxe5 19.Qg4 {White is much better.} ) 18.Qf1 $2 {The machine indicates a greedy continuation that gives White a winning advantage.} ( 18.Nxe5 Nxe5 19.Rxh7 $1 {Not afraid of a discovered attack.} 19...Nc4 20.Be3 $1 {and White defends everything.} ) 18...Qa5 $2 ( 18...Na5 $1 {is a better chance to create counterplay; the knight heads to c4. The position is unclear after} 19.Nxe5 Rxe5 20.Bg5 Rde8 ) 19.Kb1 Qa4 20.Bg5 $2 {This move allows Black an incredible resource, as the c3-pawn is now susceptible to a sacrifice from the black bishop.} ( 20.Re1 $1 {is much better for White.} ) 20...Rd6 $2 {Missing the chance, but to be honest the idea is nearly impossible to find.} ( 20...Bxc3 $3 21.bxc3 d4 $3 {Believe it or not, the computer indicates a draw by perpetual check now.} 22.cxd4 ( 22.Bxd8 $2 dxc3 {and Black even wins.} ) 22...Qb4+ 23.Ka1 Qc3+ 24.Kb1 Qb4+ ) 21.Rxh7 $2 ( 21.Re1 $1 {Again this move is necessary, pinning the e5-bishop.} ) 21...Bxc3 $1 {This time Koneru seizes the opportunity.} 22.b3 $6 ( 22.bxc3 {is scientifically the best move, but no one can blame Muzychuk for not playing like that, as Black's attack looks deadly.} 22...Ne5 ( 22...Na5 $6 23.Rh6 $1 {This is a critical and very-difficult-to-find resource.} ) ( 22...Nb4 23.Rd2 ( 23.cxb4 $2 Qxb4+ 24.Kc2 Rb6 $19 ) 23...Rb6 24.Rh6 $1 ( 24.Rb2 $2 Nxa2 $1 25.Rxb6 Nxc3+ 26.Kb2 axb6 27.Kxc3 Qa3+ 28.Kc2 Qa2+ $17 ) 24...Nxa2+ 25.Rxb6 Nxc3+ 26.Kb2 axb6 27.Kxc3 Qa3+ 28.Kc2 Qa2+ 29.Kc3 Qa3+ ) 23.Rh6 $1 ( 23.Nxe5 $2 Rb6+ 24.Ka1 Qc2 {followed by mate in a few moves.} ) 23...Rxh6 24.Bxh6 Qe4+ 25.Ka1 Qxf3 {and I prefer Black.} ) 22...Qa5 ( 22...Qa3 23.Bc1 Qb4 {is possible. We will soon see this variation again.} ) 23.Bf4 Nb4 $2 ( 23...Qa3 $1 24.Bc1 Qb4 {White's dangerous bishop is driven back, and Black has the advantage due to more active pieces, better pawn structure, and safer king.} ) 24.a4 Rc6 $2 {This move loses.} ( 24...Rd7 $1 {is necessary:} 25.Rxd7 Kxd7 {with an unclear position.} ) 25.Qb5 $1 {A surprising and spectacular move.} 25...Qxb5 ( 25...Qb6 {This move doesn't save Black.} 26.Rg1 c4 27.Ne5 $1 Bxe5 28.Bxe5 {with a winning advantage since the bishop cannot be captured.} 28...Rxe5 29.Rg8+ ) 26.axb5 Re2 {The last chance.} ( 26...Rb6 27.Rc7+ Kd8 28.Rxc5 {and the position falls apart.} ) 27.Bd2 ( 27.Rd2 {is also winning.} 27...Bxd2 28.Rh8+ $1 Kd7 29.bxc6+ Kxc6 30.Bxd2 Rxf2 31.Ne5+ Kd6 32.Bxb4 cxb4 33.Nd3 Rxf5 34.Nxb4 {And White won't have problems converting this endgame with an extra piece.} ) 27...Bxd2 28.bxc6 Bc3 29.cxb7+ Kb8 30.Rg1 $2 {This move allows perpetual check.} ( 30.Nd2 $1 {is the correct winning move. It's not hard to spot since it's very logical, but the resulting variations are quite complicated.} 30...Bxd2 31.Rg1 ( 31.Rxd2 Rxd2 32.f6 {The computer shows this is also winning, but I imagine a human being scared of a perpetual check here.} ) 31...Bg5 {This position reminds me of the famous Dvoretsky's exercises: many tempting moves but only one of them is winning and the right one is very difficult to find.} 32.h4 $3 ( 32.Rxg5 $2 Re1+ 33.Kb2 Re2+ 34.Kc1 Na2+ {with perpetual check.} ) ( 32.f4 $2 Na2 $1 33.Rg3 ( 33.Rxg5 Nc3+ 34.Kc1 Na2+ 35.Kd1 Nc3+ {with a draw.} ) 33...c4 $1 34.bxc4 dxc4 35.fxg5 c3 {and surprisingly Black creates counterplay.} ) 32...Na2 ( 32...Bd8 33.f6 Rxf2 34.Rg8 Rf1+ 35.Kb2 Rf2+ 36.Kc1 {Here Black has no perpetual check.} 36...Nd3+ 37.Kb1 ) 33.Rg3 c4 {Here White is able to win because of the f2-pawn $1} 34.hxg5 c3 35.Re3 $3 {The only winning move.} 35...c2+ 36.Kxa2 Rxe3 ( 36...c1=Q+ 37.Rxe2 $18 ) 37.Kb2 {Black's resources are finally exhausted.} ) 30...Rb2+ 31.Kc1 Nd3+ 32.Kd1 Nxf2+ 33.Kc1 Nd3+ {A fascinating game $1} 1/2-1/2